| 000 | 00667nam a2200217 a 4500 | ||
|---|---|---|---|
| 005 | 20240511063840.0 | ||
| 008 | 140331s2001 es r 000 0 spa d | ||
| 020 | _a8421641646 | ||
| 035 | _aUPN01000196660 | ||
| 049 | _aI | ||
| 050 | 4 |
_aPZ76.3 _bF4.8 |
|
| 100 | 1 |
_aFernández Martínez, Ana María, _d1949- _935498 |
|
| 245 | 1 | 0 |
_aOsito algodones / _cAna M. Fernández ; il. Ma. Luisa Torcida. |
| 260 |
_aMadrid : _bBruño, _cc2001. |
||
| 300 |
_a[26] p., [1] h. pleg., [2] h. calcomanías : _bil. col. |
||
| 440 | 0 | _aPega-T | |
| 500 | _aDatos tomados de la cubierta | ||
| 650 | 4 |
_aOsos _vCuentos y leyendas _910810 |
|
| 905 | _aInfantil | ||
| 999 |
_c168761 _d168761 |
||